[Event "Sautron op 18th"]
[Site "Sautron "]
[Date "2018.10.20"]
[Round "5.35"]
[White "Arendo, Marc"]
[Black "Sanvoisin, Tobias"]
[Result "0-1"]
[WhiteElo "1834"]
[BlackElo "1516"]
[PlyCount "78"]
[EventDate "2018.10.20"]
[EventType "swiss"]
[EventRounds "9"]
[EventCountry "FRA"]
[SourceTitle "EXT 2021"]
[Source "ChessBase"]
[SourceDate "2020.10.23"]
[SourceVersion "1"]
[SourceVersionDate "2020.10.23"]
[SourceQuality "1"]

1. d4 Nf6 2. c4 c5 3. d5 e6 4. Nc3 exd5 5. Nxd5 Nxd5 6. Qxd5 d6 7. Bd2 Be7 8. Nf3 Nc6 9. Bc3 Be6 10. Qe4 Bf6 11. Qc2 Bxc3+ 12. Qxc3 Qa5 13. Qxa5 Nxa5 14. b3 Nc6 15. 0-0-0 Ke7 16. e3 a5 17. Be2 a4 18. Kb2 axb3 19. axb3 Ra7 20. Ra1 Rha8 21. Rxa7 Rxa7 22. Ra1 Rxa1 23. Kxa1 h6 24. Kb2 Na5 25. Nd2 Nc6 26. Ne4 Nb4 27. Nc3 d5 28. cxd5 Nxd5 29. Na4 Kd6 30. e4 Nb4 31. Nb6 Nc6 32. f4 Nd4 33. Nc4+ Kc7 34. Bd3 f6 35. e5 fxe5 36. fxe5 Nc6 37. Nd6 Nxe5 38. Ne8+ Kd8 39. Nxg7 Nxd3+ 0-1

[Event "Agneaux St Lo op U20 16th"]
[Site "Agneaux"]
[Date "2014.07.06"]
[Round "1"]
[White "Sanvoisin, Tobias"]
[Black "Miroi, Robert Andrei"]
[Result "0-1"]
[WhiteElo "1536"]
[BlackElo "1862"]
[PlyCount "62"]
[EventDate "2014.07.06"]
[EventType "swiss"]
[EventRounds "9"]
[EventCountry "FRA"]
[SourceTitle "EXT 2015"]
[Source "ChessBase"]
[SourceDate "2014.11.20"]
[SourceVersion "1"]
[SourceVersionDate "2014.11.20"]
[SourceQuality "1"]

1. d4 Nf6 2. c4 e6 3. Nc3 Bb4 4. Bf4 0-0 5. e3 Bxc3+ 6. bxc3 d6 7. Bd3 Qe7 8. Ne2 e5 9. Bg5 h6 10. Bxf6 Qxf6 11. 0-0 Qe7 12. Ng3 f5 13. e4 f4 14. Nf5 Bxf5 15. exf5 Nd7 16. Be4 c6 17. Qb3 Nf6 18. f3 Kh8 19. Rab1 Rab8 20. Qa3 Nxe4 21. fxe4 exd4 22. cxd4 Qxe4 23. Qxd6 Qxf5 24. Rb3 Rbd8 25. Qe7 Rd7 26. Qe5 Qxe5 27. dxe5 Re8 28. Rxf4 Rxe5 29. Rf8+ Kh7 30. Rb8 Re2 31. R8xb7 Rd1# 0-1